Einführung in den Umweltschutz
Na minha lista:
| Autor principal: | |
|---|---|
| Formato: | Livro |
| Idioma: | alemão |
| Publicado em: |
Leipzig
Deutscher Verlag für Grundstoffindustrie
1982
|
| Edição: | 2. bearb. Aufl. |
| Tags: |
Sem tags, seja o primeiro a adicionar uma tag!
|
MARC
| LEADER | 00000nam a2200000 4500 | ||
|---|---|---|---|
| 001 | c109721 | ||
| 005 | 20041019155144.7 | ||
| 041 | 0 | |a ger | |
| 044 | |a DE | ||
| 245 | 1 | 0 | |a Einführung in den Umweltschutz |c Armin Martin |
| 250 | |a 2. bearb. Aufl. | ||
| 264 | 1 | |a Leipzig |b Deutscher Verlag für Grundstoffindustrie |c 1982 | |
| 300 | |a 120 s. | ||
| 100 | 1 | |a Martin, Armin | |